IEEE standard computer dictionary : (Record no. 174744)
[ view plain ]
| 000 -LEADER | |
|---|---|
| fixed length control field | 01159 a2200205 4500 |
| 003 - CONTROL NUMBER IDENTIFIER | |
| control field | Nust |
| 005 - DATE AND TIME OF LATEST TRANSACTION | |
| control field | 20240119104056.0 |
| 010 ## - LIBRARY OF CONGRESS CONTROL NUMBER | |
| LC control number | 90086306 |
| 020 ## - INTERNATIONAL STANDARD BOOK NUMBER | |
| International Standard Book Number | 1559370793 |
| 040 ## - CATALOGING SOURCE | |
| Transcribing agency | Nust |
| 082 00 - DEWEY DECIMAL CLASSIFICATION NUMBER | |
| Classification number | 004.03,IEE |
| 245 00 - TITLE STATEMENT | |
| Title | IEEE standard computer dictionary : |
| Remainder of title | a compilation of IEEE standard computer glossaries, 610 / |
| Statement of responsibility, etc. | Sponsor Standards Coordinating Committee of the IEEE Computer Society. |
| 260 ## - PUBLICATION, DISTRIBUTION, ETC. | |
| Place of publication, distribution, etc. | New York, NY, USA : |
| Name of publisher, distributor, etc. | IEEE |
| Date of publication, distribution, etc. | c1990. |
| 300 ## - PHYSICAL DESCRIPTION | |
| Extent | 217 p. : |
| Other physical details | ill. ; |
| Dimensions | 28 cm. |
| 505 ## - FORMATTED CONTENTS NOTE | |
| Formatted contents note | 1.Scope (Page- 13), Dictionary structure (Page- 13), Sources (Page- 13), Definitions (Page- 14), And truth table (Page- 20), Illustration of background (Page- 25), Block diagram (Page- 30), Bubble chart (Page- 36), Illustration of curve (Page- 60), Documentation tree (Page- 74), Exclusion truth table (Page- 83), Example of a grey code (Page- 98), Node C is the root node (Page- 175), third normal form (Page- 202), WHILE construct (Page-215). |
| 650 #0 - SUBJECT ADDED ENTRY--TOPICAL TERM | |
| Topical term or geographic name entry element | Computers |
| General subdivision | Dictionaries. |
| 710 2# - ADDED ENTRY--CORPORATE NAME | |
| Corporate name or jurisdiction name as entry element | IEEE Computer Society. |
| Subordinate unit | Standards Coordinating Committee. |
| 9 (RLIN) | 119962 |
| 740 0# - ADDED ENTRY--UNCONTROLLED RELATED/ANALYTICAL TITLE | |
| Uncontrolled related/analytical title | 610--IEEE stndard computer dictionary. |
| 942 ## - ADDED ENTRY ELEMENTS (KOHA) | |
| Koha item type | Reference |
| Source of classification or shelving scheme | |
| Call number prefix | 004.03,IEE |
| Withdrawn status | Lost status | Source of classification or shelving scheme | Damaged status | Not for loan | Permanent Location | Current Location | Date acquired | Full call number | Barcode | Date last seen | Price effective from | Koha item type | Public note |
|---|---|---|---|---|---|---|---|---|---|---|---|---|---|
| Military College of Signals (MCS) | Military College of Signals (MCS) | 12/12/2016 | 004.03,IEE | MCS5570 | 12/08/2016 | 12/12/2016 | Book | Almirah No.12, Shelf No.1 |
